000 00872nam a2200253 i 4500
001 bg
245 0 0 _aProblemy robotyki.
_nT. 2 /
_cpod red. Krzysztofa Tchonia i Cezarego Zielińskiego.
260 _aWarszawa :
_bOficyna Wydawnicza Politechniki Warszawskiej,
_c2008.
300 _aVI, S. 367-740 :
_bil. ;
_c24 cm.
490 1 _aPrace Naukowe / Politechnika Warszawska. Elektronika,
_x0137-2343 ;
_vz. 166
500 _aOpis wg okł.
504 _aBibliogr. przy pracach.
650 9 _aRoboty i manipualtory
700 1 _aTchoń, Krzysztof
_d(1951- ).
_eRed.
700 1 _aZieliński, Cezary Mariusz
_d(1957- ).
_eRed.
830 0 _aPrace Naukowe - Politechnika Warszawska.
_pElektronika ;
_vz. 166
022 _a01372343
040 _cBPK
041 _apol
044 _aPOL
080 _a681.5:007.5
942 _cKS
008 090414s2008 pl a |001 0 pol
999 _c56154
_d56154
856 _uhttp://koha.tu.koszalin.pl/cgi-bin/koha/opac-detail.pl?biblionumber=56154
_yKatalog online BPK